000 00481nam a2200181Ia 4500
005 20250326125844.0
008 250326s9999 xx 000 0 und d
037 _aTextbook
040 _aFMSL
_beng
_cFMSL
041 _aeng
_2eng
084 _aX:89 N3
_qFMSL
100 _aDPC
245 0 _aDebiberations on productivity at plant leval
_cDPC
260 _aNew Delhi
_bNew Delhi, D P C
_c1963
300 _a14p
942 _cTB
_hX:89 N3
999 _c1279879
_d1279879